000 00496nam a22001817a 4500
003 LK-CoMWRAF
005 20231015002946.0
008 231015b |||||||| |||| 00| 0 eng d
040 _aLK-CoMWRAF
_dLK-CoMWRAF
_eLK-CoMWRAF
041 _aeng
082 _a823
_bDEV
100 _aDeverell, Christine
245 _aGoldilocks and the three bears
260 _aBath (U. K.) :
_bGrandreams books
_c2001
650 _aChildren's stories--English
700 _aDeverell, Richard
_eills.
942 _cBK
999 _c3879
_d3879